| 000 | 00665nam a2200217Ia 4500 | ||
|---|---|---|---|
| 003 | GCL | ||
| 005 | 20240530110943.0 | ||
| 008 | 140319s9999 xx 000 0 ara d | ||
| 017 | _a2009/3387 | ||
| 020 | _a9774274652 | ||
| 040 |
_aGCL / _cGCL |
||
| 082 | 0 | 4 |
_a364.374 _bم د |
| 100 | 0 | _aمجدى رجب | |
| 245 | 1 | 0 |
_aدماء على الايدى الناعمه : _bنساء قاتلات / _cفؤاد شاكر |
| 260 |
_aالقاهرة : _bالدار المصرية اللبنانية ، _c2009 |
||
| 300 | _a207 ص | ||
| 650 | 0 | 4 | _aحقوق المراة |
| 650 | 0 | 4 | _aالمراة والجريمة |
| 650 | 0 | 4 | _aجرائم القتل |
| 942 |
_2ddc _cBK |
||
| 999 |
_c66858 _d66858 |
||